LIBRARY & INFORMATION CENTRE, KCAET, TAVANUR

ONLINE PUBLIC ACCESS CATALOGUE (OPAC)

Energy Development Quality of Use: Working Group No:3 WG 3 of Energy Conservation in UK Industry: | Result from the Industrial Energy Thrift Scheme (Record no. 19067)

MARC details
000 -LEADER
fixed length control field 00467nam a22001217a 4500
003 - CONTROL NUMBER IDENTIFIER
control field OSt
008 - FIXED-LENGTH DATA ELEMENTS--GENERAL INFORMATION
fixed length control field 250120b |||||||| |||| 00| 0 eng d
041 ## - LANGUAGE CODE
Language code of text/sound track or separate title eng
100 ## - MAIN ENTRY--AUTHOR NAME
Personal name World Energy Conference:
245 ## - TITLE STATEMENT
Title Energy Development Quality of Use: Working Group No:3 WG 3 of Energy Conservation in UK Industry:
Remainder of title Result from the Industrial Energy Thrift Scheme
260 ## - PUBLICATION, DISTRIBUTION, ETC. (IMPRINT)
Place of publication New Delhi:
Name of publisher Organising Committe 12th Congress World Energy Conference,
Year of publication 1983.
942 ## - ADDED ENTRY ELEMENTS (KOHA)
Koha item type Books
Holdings
Withdrawn status Lost status Damaged status Home library Current library Date acquired Cost, normal purchase price Accession Number Koha item type
      KAUAET KAUAET 20/01/2025 80.00 15793 Books
free website counter